Más allá de la revolución de la información (Registro nro. 14576)
[ vista simple ]
| 000 -LEADER | |
|---|---|
| fixed length control field | 00347 a2200109 4500 |
| 001 - CONTROL NUMBER | |
| control field | ART_10412 |
| 005 - DATE AND TIME OF LATEST TRANSACTION | |
| control field | 20260410161654.0 |
| 008 - FIXED-LENGTH DATA ELEMENTS--GENERAL INFORMATION | |
| fixed length control field | 260409a |
| 100 1# - MAIN ENTRY--PERSONAL NAME | |
| Personal name | Drucker, Peter Ferdinand |
| 245 10 - TITLE STATEMENT | |
| Title | Más allá de la revolución de la información |
| 773 0# - HOST ITEM ENTRY | |
| Title | Harvard Deusto Business Review |
| Related parts | - Nº 100 (ene./feb. 2001) |
| Record control number | REV521 |
No hay ítems disponibles.